Normal view
MARC view
- Ali, Ghulam
Entry Personal Name
001 - CONTROL NUMBER
- control field: 99179
003 - CONTROL NUMBER IDENTIFIER
- control field: NUST
005 - DATE AND TIME OF LATEST TRANSACTION
- control field: 20221005162702.0
008 - FIXED-LENGTH DATA ELEMENTS
- fixed length control field: 221005|| aca||aabn | a|a d
040 ## - CATALOGING SOURCE
- Original cataloging agency: NUST
- Transcribing agency: NUST
100 ## - HEADING--PERSONAL NAME
- Personal name: Ali, Ghulam
- Titles and other words associated with a name: (Professor)
670 ## - SOURCE DATA FOUND
- Source citation: Work cat.: (NUST)0: Ali, Ghulam (Professor) author., China-Pakistan relations :
